00842nam a22002297a 4500003000500000005001700005008004100022010001000063011001000073035001000083040000900093100003200102245021300134260003900347300001000386502008800396650002400484650002600508650002500534650003700559650001600596CHAP20220329135711.0971013s1982 r 00010 d a40766 a41738 a45864 cCHAP00aFlores Medina, Jaime Abdul. aEvaluación de la calidad del ensilaje de girasol forrajero (Helianthus annuus L.) variedad Tecmon-51, sembrado solo, asociado o alternado con mijo perla (Pennisetum glaucum L.) con y sin adición de melaza aMonterrey, N.L. :bEl autor,c1982 a70 h. aTesis (Ing. Agr. Zootecnista) -- ITESM. Div. de Ciencias AAgropecuarias y Maritimas14aCultivos asociados.14aGirasol como forraje.14aGirasolxVariedades.14aMelaza en alimentación animal.14aMijo perla.